1628 1443 1885 1158 1976 1956 1847 1468 1629 1717 1230 1917 1141 1097 1564 1919 1970 1339 1830 1702 1296 1328 1025 1304 1541 1276 1687 1348 1903 1895 1232 1658 1174 1056 1494 1810 1416 1932 1935 1096 1256 1246 1567 1771 1041 1937 1479 1475 1591 1657 1290 1875 1605 1147 1042 1015 1618 1240 1857 1654 1678 1171 1185 1810 1178 1862 1934 1174 1543 1078 1567 1884 1356 1369 1135 1110 1614 1970 1930 1576 1246 1577 1173 1719 1074 1302 1892 1826 1309 1460 1217 1258 1852 1631 1007 1890 1644 1433 1217 BCNSPRNW ULIB Ver.6.0+V

เปลี่ยนเป็นภาษาไทย

Change to English
 แสดงรายละเอียดบรรณานุกรม
  กลับหน้าหลัก

Brief Record : Get Marc (ISO 2709) : E-mail record : QR code < ปิดหน้าต่าง
LEADER : 00000nam 2200000uu 4500
001    13399115059
003     ULIB
008    120706s2548||||th 000 0 tha d
020    ^a9789740866411
060  4 ^aQS4^bว365ส 2548
100 0  ^aริชาร์ด วอล์คเกอร์
245 10 ^aร่างกายของมนุษย์ สมอง /^cริชาร์ด วอล์คเกอร์
246 32 ^aศูนย์ควบคุมประสาทในร่างกายของเรา
260    ^aกรุงเทพฯ :^bไทยวัฒนาพานิช,^c2548
500    ^aสมอง
945    ^p0^l0^i24831
995    ^aกัณชพร
999    ^aใช้งานได้ทุกระบบ
รายการนี้ยังไม่มีแท็ก
คุณยังไม่ได้ล็อกอิน คุณสามารถมีกิจกรรมร่วมกับเว็บไซต์ได้ แต่ต้องล็อกอินก่อน ::
  ล็อกอิน

รายการสื่อสารสนเทศ

ลำดับที่ ประเภท เลขเรียก/บาร์โค้ด สถานที่ สถานะ
- ไม่พบข้อมูล -

รายการใกล้เคียง
    ผู้แต่ง [ริชาร์ด วอล์คเกอร์]

BibComment


ยังไม่เคยถูกคอมเมนท์

คอมเมนท์ทรัพยากรรายการนี้
  คอมเมนท์: ร่างกายของมนุษย์..


 Copyright 2026. Bcnsprnw @Library